00711nam a22001577a 4500020001800000082002200018100002000040245006800060250001600128260003800144300001200182520028200194650001700476650004000493700002000533 a978935286350100a330.015195bSTO-I1 aStock, James H.10aIntroduction to econometrics /cJames H. Stock, Mark W. Watson. a3rd edition aIndia:bPearson Education,c2018. a836 p.  athis book focuses on empirical analysis, integrating data sets and real-world questions into the theoretical development of the text. It includes an introduction to program evaluation, panel data methods, instrumental variables regression, and regression with time series data. aEconometrics aInstrumental variables (Statistics)1 aWatson, Mark W.